00425nam a2200157Ia 450000500170000000800460001703700120006304000210007504100130009608400230010910000210013224500450015326000450019830000100024365000140025320250508155503.0008 250505s9999 xx 000 0 hin d aTextual aFEDL bengcFEDL ahin2hin a370.954, BANqFEDL aBanshidhar Singh 0aSwatantra bharat mein shiksha ki pragati aAgra, IndiabGaya Prasad and Sons c1960 a193p. aEducation